Typical and atypical antidepressants : (Record no. 2552)

000 -LEADER
fixed length control field nam a22 a 4500
005 - DATE AND TIME OF LATEST TRANSACTION
control field 20170517111006.0
008 - FIXED-LENGTH DATA ELEMENTS--GENERAL INFORMATION
fixed length control field 820305s1982 xxua |b 001 | eng
020 ## - INTERNATIONAL STANDARD BOOK NUMBER
International Standard Book Number 0890048304
040 ## - CATALOGING SOURCE
Original cataloging agency AKMAL
082 ## - DEWEY DECIMAL CLASSIFICATION NUMBER
Classification number 615.1 COS
090 ## - LOCALLY ASSIGNED LC-TYPE CALL NUMBER (OCLC); LOCAL CALL NUMBER (RLIN)
Classification number (OCLC) (R) ; Classification number, CALL (RLIN) (NR) 615.1
Local cutter number (OCLC) ; Book number/undivided call number, CALL (RLIN) COS
245 ## - TITLE STATEMENT
Title Typical and atypical antidepressants :
Remainder of title clinical practice
Statement of responsibility, etc. volume editors, E. Costa, Giorgio Racagni.
260 ## - PUBLICATION, DISTRIBUTION, ETC.
Place of publication, distribution, etc. New York :
Name of publisher, distributor, etc. Raven Press
Date of publication, distribution, etc. 1982.
300 ## - PHYSICAL DESCRIPTION
Dimensions cm
650 ## - SUBJECT ADDED ENTRY--TOPICAL TERM
Topical term or geographic name entry element Depression, Mental
General subdivision Chemotherapy.
9 (RLIN) 5315
700 ## - ADDED ENTRY--PERSONAL NAME
Personal name Costa, Erminio.
9 (RLIN) 5316
942 ## - ADDED ENTRY ELEMENTS (KOHA)
Source of classification or shelving scheme
Koha item type Book
Holdings
Withdrawn status Lost status Source of classification or shelving scheme Damaged status Not for loan Collection code Home library Current library Shelving location Date acquired Inventory number Total Checkouts Full call number Barcode Date last seen Price effective from Koha item type
          NON-FICTION AKMAL Melaka AKMAL Melaka PINJAMAN 17.05.2017 601057   615.1 COS 201703360 17.05.2017 17.05.2017 Book
Pusat Sumber Maklumat Dato' Haji Sarmin Md Hussin, Akademi Kastam Diraja Malaysia, Melaka
Tel: 06-2331106 | Faks: 06-2313787